书目信息 |
| 题名: |
学莱抒情诗选
|
|
| 作者: | 查良铮 译 | |
| 分册: | ||
| 出版信息: | 北京市 人民文学出版社 1958.10 |
|
| 页数: | 299页 | |
| 开本: | 32开 | |
| 丛书名: | ||
| 单 册: | ||
| 中图分类: | I561 | |
| 科图分类: | ||
| 主题词: | 文学 | |
| 电子资源: | ||
| ISBN: | ||
| 000 | 00514nam0 2200193 45 | |
| 001 | 0006191643 | |
| 005 | 20000619161532.6 | |
| 010 | @d1.05元 | |
| 100 | @a20000619d1958 km y0chiy0120 ea | |
| 101 | 0 | @achi |
| 105 | @a z 000yy | |
| 200 | 1 | @a学莱抒情诗选@AXue Lai Shu Qing Shi Xuan@f查良铮译@FCha Liang Zheng Yi |
| 210 | @a北京市@c人民文学出版社@d1958.10 | |
| 215 | @a299页@d32开 | |
| 606 | 0 | @a文学 |
| 690 | @aI561@v3 | |
| 701 | 0 | @a查良铮@4译 |
| 801 | @aCN@bPftUser@c20000619 | |
| 905 | @b206119@dI561@eX011@f1 | |
| 学莱抒情诗选/查良铮译.-北京市:人民文学出版社,1958.10 |
| 299页;32开 |
| ISBN :1.05元 |
| ● |
| 相关链接 |
|
|
|
正题名:学莱抒情诗选
索取号:I561/X011
 
预约/预借
| 序号 | 登录号 | 条形码 | 馆藏地/架位号 | 状态 | 备注 |
| 1 | 206119 | 202061197 | 社科二线422/422社科库 31排4列3层/ [索取号:I561/X011] | 在馆 |